Guess the Taylor Swift Song by the Lyrics #11 - Statistics

General Stats
  • This quiz has been taken 46 times
  • The average score is 228 of 375
Answer Stats
LYRICS % Correct
I
100%
you
100%
You
100%
your
93%
Your
93%
and
90%
And
90%
it
90%
the
90%
The
90%
he
88%
to
88%
on
85%
where
85%
Do
83%
love
83%
in
80%
is
78%
it's
78%
me
78%
my
78%
know
76%
that
76%
were
76%
too
73%
But
71%
have
71%
how
71%
if
71%
never
71%
was
71%
as
68%
like
68%
really
68%
At
66%
at
66%
his
66%
I'd
66%
one
66%
can
63%
wanna
63%
didn't
61%
time
61%
want
61%
April
59%
just
59%
said
59%
them
59%
you'd
59%
eyes?
54%
eyes
54%
29th?
51%
29th
51%
enough
51%
there's
51%
thing
51%
way
51%
back
49%
down
49%
loving
49%
Put
49%
tell
49%
High
46%
life
46%
Oh
46%
oh
46%
Bad
44%
constellations
44%
dancing
44%
different
44%
infidelity
44%
kill
44%
many
44%
right
44%
around
41%
good
41%
ways
41%
brought
39%
burn
39%
city
39%
chart
37%
keeping
37%
count
34%
headphones
34%
house
34%
records
34%
regret
34%
slowest
34%
truth
34%
far
32%
game
32%
knives
32%
meeting
32%
Seemed
32%
sharp
32%
spoken
32%
broken
29%
fence
29%
husband
29%
omen
29%
picket
29%
token
29%
tonight
29%
bent
27%
slur
27%
aisle
24%
feet
24%
freeloading
24%
Lock
24%
lonely
24%
money
24%
open
24%
Dragged
22%
pay
22%
hoping
20%
Wound
20%
blind
17%
coming
15%
Rain
15%
soaking
15%
Storm
12%
No matching quizzes found
Score Distribution
Percent of People with Each Score
Percentile by Number Answered
Your Score History
You have not taken this quiz